[Event "IECG TE.2001.P.00616 email"]
[Site "IECG email"]
[Date "2001.03.20"]
[Round "?"]
[White "Kuhn, Christian Helmut"]
[Black "Vodep, Otto"]
[Result "0-1"]
[WhiteElo "1855"]
[BlackElo "2047"]
[PlyCount "55"]
[EventDate "2001.03.20"]
[EventType "tourn (corr)"]
[EventRounds "8"]
[SourceTitle "Corr 2008"]
[Source "ChessBase"]
[SourceDate "2008.06.24"]
[SourceVersion "1"]
[SourceVersionDate "2008.06.24"]
[SourceQuality "1"]

1. e4 c5 2. d4 cxd4 3. c3 dxc3 4. Nxc3 Nc6 5. Nf3 e6 6. Bf4 a6 7. Be2 d6 8. 0-0 Be7 9. Qc2 Nf6 10. e5 dxe5 11. Rfd1 Qc7 12. Bg5 h6 13. Bh4 0-0 14. Bg3 Nh5 15. Ng5 Bxg5 16. Bxh5 b6 17. Ne4 Be7 18. Rac1 Bb7 19. Qb3 Rad8 20. Re1 Rd4 21. f3 Rfd8 22. Bf2 Rb4 23. Qc2 g6 24. Bg4 f5 25. Ng3 Bg5 26. Rcd1 fxg4 27. Qxg6+ Kh8 28. Ne4 0-1

[Event "IECG TE.2001.P.00616 email"]
[Site "IECG email"]
[Date "2001.03.20"]
[Round "?"]
[White "Malmstroem, Jan"]
[Black "Vodep, Otto"]
[Result "1/2-1/2"]
[WhiteElo "1898"]
[BlackElo "2047"]
[PlyCount "106"]
[EventDate "2001.03.20"]
[EventType "tourn (corr)"]
[EventRounds "8"]
[SourceTitle "Corr 2008"]
[Source "ChessBase"]
[SourceDate "2008.06.24"]
[SourceVersion "1"]
[SourceVersionDate "2008.06.24"]
[SourceQuality "1"]

1. e4 c5 2. d4 cxd4 3. c3 dxc3 4. Nxc3 Nc6 5. Nf3 e6 6. Bf4 a6 7. Rc1 Nge7 8. Bc4 Ng6 9. Bg3 d6 10. 0-0 Be7 11. Rc2 0-0 12. Rd2 b5 13. Bb3 b4 14. Ne2 e5 15. Bd5 Qb6 16. Qb3 Bb7 17. Rc1 Na5 18. Qa4 Rac8 19. Rxc8 Rxc8 20. Rc2 Bc6 21. Bxc6 Rxc6 22. Rxc6 Nxc6 23. Qc2 a5 24. b3 Qc5 25. Qd1 Bd8 26. Nc1 Bb6 27. Nd3 Qc3 28. Nde1 Nd4 29. Nxd4 Qxd4 30. Qxd4 Bxd4 31. Nc2 Bc5 32. Kf1 Kf8 33. Ne1 Ke7 34. Nd3 Bd4 35. f4 Kd7 36. Ke2 Kc6 37. fxe5 dxe5 38. Ne1 f6 39. Nf3 Bc3 40. Kd3 Nf8 41. Bf2 Ne6 42. Kc4 g6 43. g3 f5 44. exf5 gxf5 45. Nh4 Bd4 46. Be1 f4 47. Nf3 Bb2 48. gxf4 Nxf4 49. Bg3 h5 50. h4 Ng2 51. Ng5 Ne3+ 52. Kd3 Nf5 53. Be1 Kd5 1/2-1/2

[Event "IECG TE.2001.P.00616 email"]
[Site "IECG email"]
[Date "2001.03.20"]
[Round "?"]
[White "Vodep, Otto"]
[Black "Chester, Ian"]
[Result "0-1"]
[WhiteElo "2047"]
[BlackElo "1102"]
[PlyCount "82"]
[EventDate "2001.03.20"]
[EventType "tourn (corr)"]
[EventRounds "8"]
[SourceTitle "Corr 2008"]
[Source "ChessBase"]
[SourceDate "2008.06.24"]
[SourceVersion "1"]
[SourceVersionDate "2008.06.24"]
[SourceQuality "1"]

1. e4 c5 2. d4 cxd4 3. c3 dxc3 4. Nxc3 Nc6 5. Nf3 e6 6. Bc4 a6 7. 0-0 Nge7 8. Bg5 f6 9. Be3 Ng6 10. Bb3 Be7 11. Nd4 Na5 12. f4 Nxb3 13. Qxb3 Bc5 14. Rad1 Qe7 15. Kh1 b5 16. Rfe1 Bb7 17. f5 Bxd4 18. Bxd4 Ne5 19. a4 b4 20. fxe6 dxe6 21. Ne2 0-0 22. Nf4 Rfe8 23. Bxe5 fxe5 24. Nd3 Rad8 25. Nxe5 Rxd1 26. Qxd1 Rd8 27. Qc2 Qd6 28. Nf3 Qb6 29. Ng5 h6 30. a5 Qd6 31. e5 Qd3 32. Qxd3 Rxd3 33. Nxe6 Rd2 34. Nc5 Bxg2+ 35. Kg1 Bc6 36. e6 Rg2+ 37. Kf1 Rxh2 38. Nxa6 Rxb2 39. e7 Kf7 40. e8Q+ Bxe8 41. Nxb4 Bb5+ 0-1

[Event "IECG TE.2001.P.00616 email"]
[Site "IECG email"]
[Date "2001.03.20"]
[Round "?"]
[White "Vodep, Otto"]
[Black "Kuhn, Christian Helmut"]
[Result "0-1"]
[WhiteElo "2047"]
[BlackElo "1855"]
[PlyCount "56"]
[EventDate "2001.03.20"]
[EventType "tourn (corr)"]
[EventRounds "8"]
[SourceTitle "Corr 2008"]
[Source "ChessBase"]
[SourceDate "2008.06.24"]
[SourceVersion "1"]
[SourceVersionDate "2008.06.24"]
[SourceQuality "1"]

1. e4 c5 2. d4 cxd4 3. c3 dxc3 4. Nxc3 Nc6 5. Nf3 d6 6. Bc4 g6 7. 0-0 Bg7 8. Be3 Nf6 9. e5 Ng4 10. exd6 Qxd6 11. Qxd6 exd6 12. Bf4 Nge5 13. Nxe5 dxe5 14. Be3 0-0 15. Rad1 a6 16. Bc5 Re8 17. Ne4 Bf5 18. Ng5 Nd8 19. Rxd8 Raxd8 20. Nxf7 Rc8 21. Nd6+ Kh8 22. b4 a5 23. a3 axb4 24. axb4 Bf8 25. Nxe8 Bxc5 26. bxc5 Rxe8 27. Bd5 Rc8 28. Rc1 Rc7 0-1

[Event "IECG TE.2001.P.00616 email"]
[Site "IECG email"]
[Date "2001.03.20"]
[Round "?"]
[White "Vodep, Otto"]
[Black "Malmstroem, Jan"]
[Result "0-1"]
[WhiteElo "2047"]
[BlackElo "1898"]
[PlyCount "90"]
[EventDate "2001.03.20"]
[EventType "tourn (corr)"]
[EventRounds "8"]
[SourceTitle "Corr 2008"]
[Source "ChessBase"]
[SourceDate "2008.06.24"]
[SourceVersion "1"]
[SourceVersionDate "2008.06.24"]
[SourceQuality "1"]

1. e4 c5 2. d4 cxd4 3. c3 dxc3 4. Nxc3 Nc6 5. Nf3 e6 6. Bc4 a6 7. 0-0 Nge7 8. Bg5 b5 9. Bb3 f6 10. Be3 Bb7 11. Qe2 Ng6 12. Rfd1 Qc7 13. Rac1 Be7 14. Nd5 exd5 15. exd5 Rc8 16. d6 Qb8 17. dxe7 Ncxe7 18. Bc5 Qf4 19. Bd6 Qxc1 20. Rxc1 Rxc1+ 21. Ne1 Kd8 22. Qd2 Rc6 23. a4 Nd5 24. Bg3 Nb6 25. axb5 axb5 26. h4 Re8 27. Qa5 Ne5 28. Qxb5 Re7 29. Nc2 d5 30. Bxd5 Nxd5 31. Qxd5+ Kc7 32. Bxe5+ fxe5 33. Qa5+ Kd6 34. Ne3 Rc1+ 35. Kh2 Rec7 36. Qb6+ R1c6 37. Qb5 Rc5 38. Qd3+ Kc6 39. b4 Rd7 40. Qxh7 Rc3 41. Qf5 Kd6 42. Ng4 Re7 43. Qg6+ Re6 44. Qxg7 Rc7 45. Qf6 Rxf6 0-1

[Event "Oberwart op"]
[Site "Oberwart"]
[Date "2001.??.??"]
[Round "5"]
[White "Moser, Eva"]
[Black "Vodep, Otto"]
[Result "1-0"]
[WhiteElo "2309"]
[BlackElo "2121"]
[PlyCount "77"]
[EventDate "2001.??.??"]
[EventType "swiss"]
[EventRounds "9"]
[EventCountry "AUT"]
[SourceTitle "EXT 2002"]
[Source "ChessBase"]
[SourceDate "2001.11.25"]
[SourceVersion "1"]
[SourceVersionDate "2001.11.25"]
[SourceQuality "1"]

1. f4 d5 2. Nf3 g6 3. e3 Bg7 4. Be2 Nf6 5. 0-0 0-0 6. d3 c5 7. Qe1 Nc6 8. Kh1 b6 9. a4 Bb7 10. Na3 Re8 11. Qh4 Nd7 12. e4 e6 13. Qh3 f5 14. Nb5 Ba6 15. c3 Nf6 16. e5 Ng4 17. Nd6 Re7 18. Ng1 Nh6 19. Nf3 Ng4 20. Rb1 Bc8 21. b4 cxb4 22. cxb4 Bd7 23. Ng5 Nh6 24. b5 Na5 25. Bd2 Qb8 26. Rfc1 Nb7 27. Bb4 Nc5 28. Bxc5 bxc5 29. Rxc5 Qb6 30. d4 Qa5 31. Qc3 Qxc3 32. Rxc3 Ng4 33. Kg1 h6 34. Nf3 h5 35. a5 Nh6 36. b6 axb6 37. axb6 Nf7 38. b7 Rb8 39. Rc8+ 1-0

[Event "Oberwart op"]
[Site "Oberwart"]
[Date "2001.??.??"]
[Round "4"]
[White "Vodep, Otto"]
[Black "Groetz, Harald"]
[Result "1-0"]
[WhiteElo "2121"]
[BlackElo "2258"]
[PlyCount "101"]
[EventDate "2001.??.??"]
[EventType "swiss"]
[EventRounds "9"]
[EventCountry "AUT"]
[SourceTitle "EXT 2002"]
[Source "ChessBase"]
[SourceDate "2001.11.25"]
[SourceVersion "1"]
[SourceVersionDate "2001.11.25"]
[SourceQuality "1"]

1. d4 Nf6 2. Nf3 g6 3. Nc3 d5 4. Bf4 Bg7 5. e3 Bg4 6. Be2 0-0 7. Ne5 Bxe2 8. Qxe2 c6 9. h4 Qb6 10. 0-0-0 Qa6 11. Qf3 Ne4 12. h5 Nxc3 13. bxc3 Bxe5 14. Bxe5 g5 15. Qg4 h6 16. Qf5 b5 17. f4 Qc8 18. Qd3 Nd7 19. Rdf1 Nxe5 20. dxe5 Qe6 21. fxg5 Qxe5 22. gxh6 Qe4 23. Qxe4 dxe4 24. Rf4 Kh7 25. Rxe4 e6 26. Rf1 Kxh6 27. Ref4 Kxh5 28. Rxf7 Rxf7 29. Rxf7 Kg5 30. Rc7 Kf6 31. Rxc6 Rg8 32. Ra6 Rxg2 33. Rxa7 Re2 34. Rb7 Rxe3 35. Rxb5 Rxc3 36. Kb2 Rc8 37. a4 e5 38. a5 Kf5 39. a6 Kf4 40. a7 Ra8 41. Rb7 Ke3 42. Kb3 e4 43. Kb4 Kd2 44. c4 e3 45. Rd7+ Kc2 46. Re7 Kd3 47. Kb5 e2 48. Kb6 Rg8 49. c5 Rg6+ 50. c6 Rg8 51. c7 1-0

[Event "Oberwart op"]
[Site "Oberwart"]
[Date "2001.??.??"]
[Round "6"]
[White "Vodep, Otto"]
[Black "Vukovic, Ivo"]
[Result "1/2-1/2"]
[WhiteElo "2121"]
[BlackElo "2271"]
[PlyCount "95"]
[EventDate "2001.??.??"]
[EventType "swiss"]
[EventRounds "9"]
[EventCountry "AUT"]
[SourceTitle "EXT 2002"]
[Source "ChessBase"]
[SourceDate "2001.11.25"]
[SourceVersion "1"]
[SourceVersionDate "2001.11.25"]
[SourceQuality "1"]

1. d4 Nf6 2. Nf3 d6 3. Nc3 Nbd7 4. e4 e5 5. Bc4 h6 6. 0-0 Be7 7. Qe2 c6 8. a4 Qc7 9. h3 g5 10. Bb3 Nf8 11. Qc4 Ne6 12. dxe5 dxe5 13. Ne2 0-0 14. Ng3 Ng7 15. Qc3 Bd6 16. Rd1 Nh7 17. Be3 Re8 18. Bc5 Bxc5 19. Qxc5 Be6 20. Bxe6 Rxe6 21. Rd2 Qe7 22. Qxe7 Rxe7 23. Rad1 Rae8 24. Rd6 f6 25. Nh2 h5 26. Nhf1 h4 27. Nf5 Nxf5 28. exf5 e4 29. Ne3 Kg7 30. Ng4 Rf7 31. Kf1 Nf8 32. Ke2 Ree7 33. b4 Nd7 34. Re6 Nb6 35. Rdd6 Rxe6 36. fxe6 Re7 37. Ne3 Kg6 38. a5 Na4 39. Kd2 f5 40. Rd7 Rxe6 41. Rxb7 Rd6+ 42. Kc1 f4 43. Ng4 a6 44. Re7 Nc3 45. Re8 Na2+ 46. Kb2 Nxb4 47. Rxe4 Nd5 48. Re8 1/2-1/2

[Event "IECG C1.2000.0.00315"]
[Site "IECG email"]
[Date "2000.10.27"]
[Round "?"]
[White "Feldmann, Guido"]
[Black "Vodep, Otto"]
[Result "1/2-1/2"]
[WhiteElo "2000"]
[BlackElo "2057"]
[PlyCount "98"]
[EventDate "2000.10.27"]
[EventType "tourn (corr)"]
[EventRounds "6"]
[SourceTitle "Corr 2008"]
[Source "ChessBase"]
[SourceDate "2008.06.24"]
[SourceVersion "1"]
[SourceVersionDate "2008.06.24"]
[SourceQuality "1"]

1. d4 d5 2. c4 e6 3. Nc3 Nf6 4. cxd5 exd5 5. Bg5 Be7 6. e3 h6 7. Bh4 0-0 8. Bd3 Nbd7 9. Nf3 c6 10. Qc2 Re8 11. 0-0 Ne4 12. Bxe4 Bxh4 13. Bh7+ Kh8 14. Bd3 Be7 15. Rab1 Bd6 16. b4 a6 17. Na4 Nf6 18. Rfc1 Ra7 19. Nd2 b5 20. Nc5 Nd7 21. Ndb3 Nb6 22. a4 Nc4 23. Ra1 Qg5 24. e4 Qh5 25. g3 dxe4 26. Bxe4 Rc7 27. Qc3 Nb6 28. axb5 axb5 29. Bf3 Bg4 30. Bxg4 Qxg4 31. Re1 Rxe1+ 32. Qxe1 Re7 33. Qb1 Re8 34. Qc2 Qf3 35. Qd3 Qd5 36. Qc3 Nc4 37. Re1 Rxe1+ 38. Qxe1 Kh7 39. Qe2 Bf8 40. f3 g6 41. Qe4 Qg5 42. Kf2 Bg7 43. h4 Qd8 44. h5 Qa8 45. g4 Qa3 46. Qe8 Qb2+ 47. Kg3 Qc3 48. Qxf7 Qe1+ 49. Kh2 Qf2+ 1/2-1/2

[Event "IECG C1.2000.0.00315"]
[Site "IECG email"]
[Date "2000.10.27"]
[Round "?"]
[White "Vodep, Otto"]
[Black "Puleston, Tim O"]
[Result "1/2-1/2"]
[WhiteElo "2057"]
[BlackElo "2104"]
[PlyCount "55"]
[EventDate "2000.10.27"]
[EventType "tourn (corr)"]
[EventRounds "6"]
[SourceTitle "Corr 2008"]
[Source "ChessBase"]
[SourceDate "2008.06.24"]
[SourceVersion "1"]
[SourceVersionDate "2008.06.24"]
[SourceQuality "1"]

1. d4 Nf6 2. c4 e6 3. Nf3 b6 4. a3 Bb7 5. Nc3 d5 6. cxd5 exd5 7. Bg5 Be7 8. Qa4+ c6 9. e3 0-0 10. Bd3 Nbd7 11. Rd1 Re8 12. 0-0 h6 13. Bf4 Bf8 14. Ne5 Nxe5 15. Bxe5 Ng4 16. Bg3 Bd6 17. Bxd6 Qxd6 18. g3 Nf6 19. Rfe1 Ne4 20. Nxe4 dxe4 21. Bf1 c5 22. dxc5 Qxc5 23. Rd4 Bc6 24. Qd1 Qe7 25. Qd2 Rad8 26. Rd1 Rxd4 27. Qxd4 Qe5 28. Qxe5 1/2-1/2

[Event "Karl Wagner Memorial 5th"]
[Site "Graz"]
[Date "1998.09.13"]
[Round "9.24"]
[White "Rott, Georg"]
[Black "Vodep, Otto"]
[Result "0-1"]
[WhiteElo "2200"]
[BlackElo "2105"]
[PlyCount "106"]
[EventDate "1998.09.??"]
[EventType "swiss"]
[EventRounds "9"]
[EventCountry "AUT"]
[SourceTitle "EXT 1999"]
[Source "ChessBase"]
[SourceDate "1998.11.16"]
[SourceVersion "1"]
[SourceVersionDate "1998.11.16"]
[SourceQuality "1"]

1. e4 e6 2. d4 d5 3. Nd2 c5 4. exd5 Qxd5 5. Ngf3 cxd4 6. Bc4 Qd6 7. 0-0 Nf6 8. Nb3 Nc6 9. Nbxd4 Nxd4 10. Nxd4 a6 11. c3 Qc7 12. Bb3 Bd6 13. h3 0-0 14. Bg5 Ne4 15. Bh4 Be7 16. Bxe7 Qxe7 17. Re1 Nc5 18. Bc2 g6 19. Nf3 Rd8 20. Qe2 Bd7 21. b4 Na4 22. Qe3 Rac8 23. Bxa4 Bxa4 24. Rac1 Bb5 25. Ne5 Bc4 26. a4 Bb3 27. a5 Bc4 28. Qf4 Bb5 29. c4 Be8 30. Ng4 f5 31. Nh6+ Kg7 32. h4 Qf6 33. Qg5 Rd4 34. Rcd1 Qxg5 35. hxg5 Rxd1 36. Rxd1 Rxc4 37. Rd8 Kf8 38. Rd6 Ke7 39. Rb6 Rc7 40. Ng8+ Kf7 41. Nf6 Bc6 42. Nxh7 e5 43. Nf6 e4 44. Kf1 Ke6 45. Ke2 Ke5 46. g3 f4 47. g4 Kd4 48. Ke1 e3 49. fxe3+ fxe3 50. Ke2 Re7 51. Ke1 e2 52. Ng8 Re5 53. Nh6 Ke3 0-1

[Event "Karl Wagner Memorial 5th"]
[Site "Graz"]
[Date "1998.09.07"]
[Round "3.35"]
[White "Velickovic, Zoran"]
[Black "Vodep, Otto"]
[Result "1-0"]
[WhiteElo "2290"]
[BlackElo "2105"]
[PlyCount "50"]
[EventDate "1998.09.??"]
[EventType "swiss"]
[EventRounds "9"]
[EventCountry "AUT"]
[SourceTitle "EXT 1999"]
[Source "ChessBase"]
[SourceDate "1998.11.16"]
[SourceVersion "1"]
[SourceVersionDate "1998.11.16"]
[SourceQuality "1"]

1. c4 f5 2. d4 Nf6 3. g3 g6 4. Bg2 Bg7 5. Nf3 d6 6. 0-0 0-0 7. Nc3 Nc6 8. d5 Ne5 9. Nxe5 dxe5 10. Qb3 Kh8 11. Rd1 h6 12. c5 g5 13. Nb5 a6 14. Na3 Qe8 15. Nc4 Nd7 16. Qa3 Qf7 17. b4 f4 18. Bb2 fxg3 19. Qxg3 Qf4 20. Rac1 Rf5 21. e3 Qxg3 22. hxg3 g4 23. c6 bxc6 24. dxc6 Nb6 25. Rd8+ Rf8 1-0

[Event "Oberwart op"]
[Site "Oberwart"]
[Date "1998.07.31"]
[Round "7"]
[White "Nielsen, Max"]
[Black "Vodep, Otto"]
[Result "1/2-1/2"]
[WhiteElo "2275"]
[BlackElo "2105"]
[PlyCount "91"]
[EventDate "1998.07.25"]
[EventType "swiss"]
[EventRounds "9"]
[EventCountry "AUT"]
[SourceTitle "CBM 065 Extra"]
[Source "ChessBase"]
[SourceDate "1998.09.09"]
[SourceVersion "1"]
[SourceVersionDate "1998.09.09"]
[SourceQuality "1"]

1. e4 c6 2. d4 d5 3. e5 Bf5 4. Nc3 e6 5. g4 Bg6 6. Nge2 f6 7. h4 fxe5 8. h5 Bf7 9. dxe5 Nd7 10. f4 Qb6 11. Nd4 0-0-0 12. a3 c5 13. Nf3 Ne7 14. b4 cxb4 15. axb4 Nc6 16. b5 Bb4 17. bxc6 Bxc3+ 18. Bd2 Qe3+ 19. Be2 bxc6 20. Bxc3 Qxc3+ 21. Kf2 Kb7 22. Qb1+ Nb6 23. Qa2 Ra8 24. Rhb1 Rhf8 25. Rb3 Qc5+ 26. Kg2 Bg8 27. Ra3 a5 28. Rxa5 Rxa5 29. Qxa5 Qxa5 30. Rxa5 Rxf4 31. Kg3 Rb4 32. Ba6+ Kc7 33. Bd3 Kb7 34. h6 gxh6 35. Ra1 Nd7 36. Rh1 Nc5 37. Rxh6 Nxd3 38. cxd3 c5 39. Rf6 Kc7 40. Ng5 Rb3 41. Rf8 Rb8 42. Nxh7 Bxh7 43. Rf7+ Kd8 44. Rf8+ Kc7 45. Rf7+ Kd8 46. Rf8+ 1/2-1/2

[Event "Oberwart op"]
[Site "Oberwart"]
[Date "1998.07.26"]
[Round "2"]
[White "Vodep, Otto"]
[Black "Cvitan, Ognjen"]
[Result "0-1"]
[WhiteElo "2105"]
[BlackElo "2525"]
[PlyCount "54"]
[EventDate "1998.07.25"]
[EventType "swiss"]
[EventRounds "9"]
[EventCountry "AUT"]
[SourceTitle "CBM 065 Extra"]
[Source "ChessBase"]
[SourceDate "1998.09.09"]
[SourceVersion "1"]
[SourceVersionDate "1998.09.09"]
[SourceQuality "1"]

1. e4 c5 2. g3 d5 3. exd5 Qxd5 4. Nf3 Nc6 5. Bg2 Qe6+ 6. Kf1 g6 7. d3 Bg7 8. Nc3 Nf6 9. Be3 b6 10. d4 Ng4 11. Bf4 cxd4 12. Nb5 Ba6 13. a4 0-0 14. Kg1 Rad8 15. Qd2 Qd7 16. h3 Nf6 17. Re1 Bb7 18. Bh6 Rfe8 19. Bxg7 Kxg7 20. h4 h5 21. Ng5 a6 22. Na3 e5 23. f3 Na5 24. b4 Qxa4 25. bxa5 Qxa3 26. axb6 Qc5 27. Kh2 e4 0-1